El origen del crédito territorial en España en el siglo XIX (Registro nro. 171581)
[ vista simple ]
| 000 -LEADER | |
|---|---|
| fixed length control field | 02149nam a22002537a 4500 |
| 007 - PHYSICAL DESCRIPTION FIXED FIELD--GENERAL INFORMATION | |
| fixed length control field | cr|||| |||| |
| 008 - FIXED-LENGTH DATA ELEMENTS--GENERAL INFORMATION | |
| fixed length control field | 220516s2021 es |||||s|||| 00||0 spa d |
| 020 ## - INTERNATIONAL STANDARD BOOK NUMBER | |
| International Standard Book Number | 978-84-123671-3-3 |
| 035 ## - | |
| -- | 35641 |
| 040 ## - CATALOGING SOURCE | |
| Original cataloging agency | vLex |
| 090 ## - | |
| -- | 13345 |
| -- | 13345 |
| 100 1# - MAIN ENTRY--PERSONAL NAME | |
| Personal name | Valverde Villa, Manuel |
| 245 12 - TITLE STATEMENT | |
| Title | El origen del crédito territorial en España en el siglo XIX |
| Medium | [Recurso electrónico] / |
| Statement of responsibility, etc | Manuel Valverde Villa |
| 256 ## - | |
| -- | Servicio en línea |
| 260 ## - PUBLICATION, DISTRIBUTION, ETC. (IMPRINT) | |
| Place of publication, distribution, etc | Barcelona: |
| Name of publisher, distributor, etc | J.M. Bosch Editor, |
| Date of publication, distribution, etc | 2021 |
| 300 ## - PHYSICAL DESCRIPTION | |
| Extent | 1 recurso electrónico |
| 500 ## - GENERAL NOTE | |
| General note | El presente libro contempla el nacimiento en España del crédito territorial, a semejanza de las instituciones francesas y alemanas existentes en Europa en el siglo XIX. El Banco Hipotecario de España fue el primer proyecto en que se materializó la movilización del crédito territorial, basado en ser el Banco un intermediario entre los capitalistas y los propietarios de inmuebles que buscaban recursos en el crédito territorial. Para ello, el Banco concedía préstamos hipotecarios y, a su vez, emitía unos títulos-valores, denominados Cédulas hipotecarias, de un valor auténtico y uniforme, representativas de los préstamos en activo concedidos por el Banco. Estas Cédulas hipotecarias eran negociables por sus tenedores y transmisibles al portador como títulos hipotecarios. Después de tantos años desde su creación, el Banco Hipotecario de España ha cumplido con creces los objetivos iniciales previstos en el año 1872 de su fundación: Financiar a los propietarios de inmuebles y a los agricultores con préstamos hipotecarios a largo plazo y módico interés, tratando de suprimir la usura. |
| 506 1# - RESTRICTIONS ON ACCESS NOTE | |
| Terms governing access | Disponible solo en los productos indicados |
| Authorized users | vLex Global |
| -- | vLex Global (Academic Edition, excluding Law Schools) |
| -- | vLex Global (U.S. Academic Edition, Law Schools) |
| -- | vLex Global (U.S. Academic Edition, excluding Law Schools) |
| -- | vLex Global (Academic Edition, Law Schools) |
| 650 04 - SUBJECT ADDED ENTRY--TOPICAL TERM | |
| Topical term or geographic name as entry element | Entidades de crédito |
| Geographic subdivision | España |
| 740 0# - | |
| -- | vLex Libros (Servicio en línea) |
| 856 40 - LOCALIZACIÓN Y ACCESO ELECTRÓNICO | |
| Identificador Uniforme del Recurso (URI/URL) | https://app.vlex.com/#/sources/35641 |
| 942 ## - | |
| -- | RAA |
| 999 ## - | |
| -- | 171581 |
| -- | 171581 |
No hay ítems disponibles.